The Earth Quiz - Statistics

General Stats
  • This quiz has been taken 236 times
    231 since last reset
  • The average score is 12 of 16
Answer Stats
Hint Answer % Correct
The Color which is usually used to refer Earth The {Blue} Planet
99%
About 70% of Earth is covered in it Water
95%
The 2 Major gasses in Earth's Atmosphere Oxygen
90%
Two Planets between which Earth is situated Mars
87%
Two Planets between which Earth is situated Venus
86%
Name of the only Natural Satellite of Earth Moon
85%
To which Country did he Belonged to Soviet Union
85%
Every planet were named after them, except Earth Greek or Roman Gods
80%
The Largest Landmass by Area Asia
78%
Term Given to Huge Landmasses on Earth Continents
75%
The 2 Major gasses in Earth's Atmosphere Nitrogen
75%
The inner most layer of Earth Inner {Core}
71%
Gas which Prevent Ultra Violet Rays to reach Earth's Surface Ozone
63%
The First Person to go out of Earth (i.e. outer space) Yuri Gagarin
51%
Earth is the largest among these type of planets, which also include Mercury, Venus and Mars {Terrestrial} Planets
36%
Most of the Life on Earth is found in this layer of Atmosphere Troposphere
23%
No matching quizzes found
Score Distribution
Percent of People with Each Score
Percentile by Number Answered
Your Score History
You have not taken this quiz since the last reset